Patología quirúrgica infantil / (Record no. 75981)

MARC details
000 -LEADER
campo de control de longitud fija 00774nam a2200229 i 4500
001 - NÚMERO DE CONTROL
campo de control 75981
003 - IDENTIFICADOR DE NÚMERO DE CONTROL
campo de control ES-MaACL
005 - FECHA Y HORA DE LA ÚLTIMA TRANSACCIÓN
campo de control 20251015145506.0
007 - CAMPO FIJO DE DESCRIPCIÓN FÍSICA--INFORMACIÓN GENERAL
campo de control de longitud fija t|
008 - DATOS DE LONGITUD FIJA--INFORMACIÓN GENERAL
campo de control de longitud fija 040928s1958 sp ||||1| spa d
100 1# - ENTRADA PRINCIPAL--NOMBRE DE PERSONA
Nombre de persona Grob, Max.
9 (RLIN) 60097
245 10 - MENCIÓN DEL TÍTULO
Título Patología quirúrgica infantil /
Mención de responsabilidad, etc. Max Grob ; con la colaboración de M. Stockmann, M. Bettex ; prólogo de Manuel Suárez ; traducción de A. A. Velasco.
250 ## - MENCION DE EDICION
Mención de edición 1ª ed.
260 ## - PUBLICACIÓN, DISTRIBUCIÓN, ETC.
Lugar de publicación, distribución, etc. Madrid :
Nombre del editor, distribuidor, etc. Javier Morata,
Fecha de publicación, distribución, etc. 1958 (
Fabricante Montaña)
300 ## - DESCRIPCIÓN FÍSICA
Extensión 765 p., 15 lám. :
Otras características físicas il. ;
Dimensiones 27 cm.
700 1# - ENTRADA AGREGADA--NOMBRE PERSONAL
Nombre de persona Stockmann, M.
9 (RLIN) 108254
700 1# - ENTRADA AGREGADA--NOMBRE PERSONAL
Nombre de persona Bettex, M.
9 (RLIN) 28684
700 1# - ENTRADA AGREGADA--NOMBRE PERSONAL
Nombre de persona Suárez, Manuel,
Fechas asociadas al nombre 1907-1981
9 (RLIN) 108572
700 1# - ENTRADA AGREGADA--NOMBRE PERSONAL
Nombre de persona Velasco, A. A.
9 (RLIN) 113709
852 ## - LOCALIZACIÓN
Ubicación ES-MaACL
Número de control de estantería C-14128
Sublocalización o colección R.42027
Holdings
Estatus retirado Estado de pérdida Estado de daño No para préstamo Biblioteca de origen Biblioteca actual Ubicación en estantería Fecha de adquisición Fuente de adquisición Total de préstamos Signatura topográfica completa Código de barras Visto por última vez Precio de reemplazo Tipo de ítem Koha
        Biblioteca del Ateneo de Madrid Biblioteca del Ateneo de Madrid Sala Palomar 17/01/2008     C-14128 1079520 23/02/2023 23/02/2023 Libro impreso